000 00276cas a2200121 4500
022 _a0147-9377
040 _cDNAL
082 _a301 ACA 1976 A089 Or.
245 0 0 _aEnvironment and man.
260 _aNew York,
_bAcademic Press.
_c[1976-
300 _bill.
_c23 cm.
942 _cEK
999 _c16299
_d16299